The implications of toxic mould for facilities management and building services (Record no. 76910)
[ view plain ]
| 000 -LEADER | |
|---|---|
| fixed length control field | 01201cab a2200169 4500 |
| 001 - CONTROL NUMBER | |
| control field | ##L133288 |
| 008 - FIXED-LENGTH DATA ELEMENTS--GENERAL INFORMATION | |
| fixed length control field | 060426n2006 000 0 eng u |
| 035 ## - SYSTEM CONTROL NUMBER | |
| System control number | (Sirsi) u133288 |
| 041 0# - LANGUAGE CODE | |
| Language code of text/sound track or separate title | eng |
| 100 1# - MAIN ENTRY--PERSONAL NAME | |
| Personal name | Coleman, Pat |
| 245 04 - TITLE STATEMENT | |
| Title | The implications of toxic mould for facilities management and building services |
| 260 ## - PUBLICATION, DISTRIBUTION, ETC. | |
| Date of publication, distribution, etc. | 2006 |
| 490 #0 - SERIES STATEMENT | |
| Series statement | Journal of Building Appraisal |
| Volume/sequential designation | 1(4) 2005, 362-367(6) |
| 520 ## - SUMMARY, ETC. | |
| Summary, etc. | Advises facilities managers and building services engineers about the facts of toxic mould in the built environment, how to avoid the conditions in which mould growth thrives and which areas within buildings have the greatest likelihood of sustaining mould growth. Reflects upon recent compensation claims in the USA, and the debate surrounding innovations in design and construction techniques being criticised for the increasing occurrence of mould in new buildings. Describes the depth to which remedial procedures may be developed by facilities managers and building services engineers in terms of cost and time, and advises on how to conduct such actions if mould deposits are detected. |
| 690 ## - LOCAL SUBJECT ADDED ENTRY--TOPICAL TERM (OCLC, RLIN) | |
| Topical term or geographic name as entry element | MANAGEMENT-HEALTH AND SAFETY-HAZARDOUS SUBSTANCES-TOXIC MOULD |
| 942 ## - ADDED ENTRY ELEMENTS (KOHA) | |
| Suppress in OPAC | 0 |
| Withdrawn status | Lost status | Source of classification or shelving scheme | Damaged status | Not for loan | Home library | Current library | Shelving location | Date acquired | Total Checkouts | Full call number | Barcode | Date last seen | Copy number | Price effective from | Koha item type |
|---|---|---|---|---|---|---|---|---|---|---|---|---|---|---|---|
| Dewey Decimal Classification | London | London | Journal article | 26/04/2006 | L133288 | 133288-1001 | 06/08/2019 | 1 | 06/08/2019 | Journal article |